Säuren, Basen & Salze (Teil 2) - Statistics

General Stats
  • This quiz has been taken 6 times
  • The average score is 27 of 69
Answer Stats
Säure/Base Summenformel % Correct
Schwefelsäure H2SO4
100%
-acetat CH3COO(-)
67%
-chlorid Cl(-)
67%
-fluorid F(-)
67%
Salzsäure HCl
67%
Salpetersäure HNO3
67%
Kaliumhydroxid KOH
67%
Natriumhydroxid NaOH
67%
Ammoniak NH3
67%
Ammonium NH4(+)
67%
-nitrit NO2(-)
67%
-nitrat NO3(-)
67%
-oxid O(2-)
67%
-hydroxid OH(-)
67%
-carbid C2(2-)
33%
-oxalat C2O4(2-)
33%
Essig-/Ethansäure CH3COOH
33%
-hypochlorit ClO(-)
33%
-chlorit ClO2(-)
33%
-chlorat ClO3(-)
33%
-perchlorat ClO4(-)
33%
-cyanid CN(-)
33%
-carbonat CO3(2-)
33%
-dichromat Cr2O7(2-)
33%
-chromat CrO4(2-)
33%
-hydrid H(-)
33%
Oxalsäure H2C2O4
33%
Kohlensäure H2CO3
33%
Schwefelwasserstoff H2S
33%
Thioschwefelsäure H2S2O3
33%
Dithionige Säure H2S2O4
33%
Schwefelige Säure H2SO3
33%
Peroxoschwefelsäure H2SO5
33%
Borsäure H3BO3
33%
Phosphorsäure H3PO4
33%
Kieselsäure H4SiO4
33%
Hypochlorige Säure HClO
33%
Chlorige Säure HClO2
33%
Chlorsäure HClO3
33%
Perchlorsäure HClO4
33%
Blausäure HCN
33%
-hydrogencarbonat HCO3(-)
33%
-formiat HCOO(-)
33%
Ameisen-/Methansäure HCOOH
33%
Flusssäure HF
33%
Stickstoffwasserstoffsäure HN3
33%
Hyposalpetrige Säure (HNO)2
33%
Salpetrige Säure HNO2
33%
Cyansäure HOCN
33%
-hydrogenphosphat HPO4(2-)
33%
-hydrogensulfid HS(-)
33%
Rhodansäure HSCN
33%
-permanganat MnO4(-)
33%
-azid N3(-)
33%
-nitrid N(3-)
33%
-peroxid O2(2-)
33%
-cyanat OCN(-)
33%
-phosphat PO4(3-)
33%
-sulfid S(2-)
33%
-thiosulfat S2O3(2-)
33%
-dithionit S2O4(2-)
33%
-thiocyanat (rhodanid) SCN(-)
33%
-silicat SiO4(4-)
33%
-sulfit SO3(2-)
33%
-sulfat SO4(2-)
33%
-peroxosulfat SO5(2-)
33%
Calciumhydroxid (Ca)2OH
0%
-dihydrogenphosphat HPO4(-)
0%
-x hydrat x H2O
0%
No matching quizzes found
Score Distribution
Percent of People with Each Score
Percentile by Number Answered
Your Score History
You have not taken this quiz